Plant propagation by tissue culture
Part one of a two-part reference offering a comprehensive encyclopaedia on a specialized, but established method of plant propagation. This edition has been completely revised and expanded to give full author accreditation, with a bibliography amounting to over 9000 literature citations.
Đã lưu trong:
| 主要作者: | |
|---|---|
| 格式: | 圖書 |
| 語言: | Undetermined |
| 出版: |
Edington, U.K.
Exegetics
1993
|
| 主題: | |
| 標簽: |
添加標簽
沒有標簽, 成為第一個標記此記錄!
|
| Thư viện lưu trữ: | Trung tâm Học liệu Trường Đại học Cần Thơ |
|---|
| LEADER | 00909nam a2200217Ia 4500 | ||
|---|---|---|---|
| 001 | CTU_192102 | ||
| 008 | 210402s9999 xx 000 0 und d | ||
| 082 | |a 631.52 | ||
| 082 | |b G347/P.2 | ||
| 100 | |a George, Edwin F. | ||
| 245 | 0 | |a Plant propagation by tissue culture | |
| 245 | 0 | |c Edwin F. George | |
| 260 | |a Edington, U.K. | ||
| 260 | |b Exegetics | ||
| 260 | |c 1993 | ||
| 520 | |a Part one of a two-part reference offering a comprehensive encyclopaedia on a specialized, but established method of plant propagation. This edition has been completely revised and expanded to give full author accreditation, with a bibliography amounting to over 9000 literature citations. | ||
| 526 | |a Chọn tạo và nhân giống vô tính | ||
| 526 | |b NNG618 | ||
| 650 | |a Plant propagation,Nhân giống thực vật | ||
| 910 | |a Hải | ||
| 980 | |a Trung tâm Học liệu Trường Đại học Cần Thơ | ||